| 000 | 01088nam a2200229Ia 4500 | ||
|---|---|---|---|
| 003 | OSt | ||
| 005 | 20210730143121.0 | ||
| 008 | 210310s1984 eu fr 000 0 eng d | ||
| 040 |
_aCO-JMCR _cCO-JMCR |
||
| 041 | 0 | _aeng | |
| 082 | 0 | 4 |
_a338.917301724 / _bP933p _223 |
| 110 | 2 |
_aThe presidents task force on international private enterprise _938927 |
|
| 245 | 1 | 4 |
_aThe private enterprise guidebook / _cThe presidents task force on international private enterprise ; Corporation and support of the agency for international development |
| 260 |
_aWashington : _b[Presidencia de los Estados Unidos], _c1984 |
||
| 300 |
_a96 páginas ; _c28 cm. |
||
| 505 | 0 | _aPreconditions for private enterprise grwth -- Tools of the trade -- Foreign investment: common prejudices and responses -- Perspectives on economic growth in developing countries | |
| 650 | 1 | 4 |
_aPaíses en desarrollo _916503 |
| 650 | 2 | 4 |
_aEmpresa de negocios _938928 |
| 650 | 2 | 4 |
_aAsistencia económica estadounidense _938929 |
| 710 | 1 |
_aCorporation and support of the agency for international development _938930 |
|
| 942 |
_2ddc _cBK |
||
| 999 |
_c8162 _d8162 |
||